000
00261nam a2200109Ia 4500
005
20251222143259.0
008
251222s9999||||xx |||||||||||||| ||spa||
082
_a
336.34/D63
245
0
_a
La Deuda Externa:
264
_b
Fundación Friedrich Ebert
942
_c
LIB
999
_c
15276
_d
15276